000 00243nam a2200097Ia 4500
008 220204s9999 xx 000 0 und d
082 _a058(548.3)
_bKOT
245 0 _aKottayam district directory.1963
260 _aAlwaye
_bStar
_c1963
942 _cBK
999 _c22144
_d22144